000 00572nam a2200229Ia 4500
003 OSt
005 20220924144817.0
006 a|||||r|||| 00| 0
007 ta
008 220923b |||||||| |||| 00| 0 urd d
024 _a322161
037 _cTextual
040 _aARTS
_cARTS
_burd
041 _2urd
_aurd
082 _aR65,6, 168G2
100 _aMadan Deenanath Au.
_9218503
245 0 _aPayam-e-salik
260 _c1932
650 _aBHAGAVAD GITA
942 _hR65,6, 168G2
_cTEXL
_2CC
999 _c458375
_d458375